| 000 | 00636nam a2200229 u 4500 | ||
|---|---|---|---|
| 001 | 000056803 | ||
| 005 | 20200120223327.0 | ||
| 008 | 130621s2007 sp br 000 0 spa d | ||
| 020 | _a9788424131821 | ||
| 041 | 0 | _a.spa | |
| 043 | _ae-sp--- | ||
| 090 |
_aA _bALCas |
||
| 100 | 1 | _aAlcantara, Ricardo | |
| 245 | 1 | 0 |
_aAsí se hicieron amigos : _bRicardo Alcántara ; ilustrado por Anne Decis. |
| 250 | _a8a ed. | ||
| 260 |
_aLeón : _bEverest, _c2007. |
||
| 300 | _a47 p. | ||
| 650 | 1 | 4 | _aCuentos infantiles uruguayos. |
| 650 | 2 | 4 |
_aAmistad _vCuentos infantiles. |
| 650 | 2 | 4 | _aAnimales en la literatura. |
| 700 | 1 |
_aDecis, Anne, _eil. |
|
| 999 |
_c6100 _d6100 |
||